| 000 | 01164nam a2200241Ia 4500 | ||
|---|---|---|---|
| 001 | IA_The analysis showed that the ecological impact will be only on air pollution due to dust produced during the cleaning and milling process. Based on the economical indicators, the installation of a flour mill in this municipality is technical , economical, social and environmentally feasible | ||
| 002 | ESTUDIO DE FACTIBILIDAD TECNICO-ECONOMICO PARA EL | ||
| 008 | 220117s xx 000 0 und d | ||
| 010 | _a187435 | ||
| 530 | _aDisponible en PDF | ||
| 583 | _a1 ej. imp. ; 1 ej. CD | ||
| 650 | 0 |
_aEntrepreneurship _zMexico _zGuanajuato _9155156 |
|
| 650 | 0 |
_aIndustria molinera _zMéxico _zGuanajuato _9163112 |
|
| 650 | 0 |
_aIniciativa empresarial _zMéxico _zGuanajuato _9155157 |
|
| 650 | 0 |
_aMilling industry _zMexico _zGuanajuato _9158828 |
|
| 650 | 0 |
_aTrigo _xMolinería _9163113 |
|
| 650 | 0 |
_aWheat _xMilling _9163114 |
|
| 700 |
_aAscencio Rivera, J. Rogelio, asesor _9163661 |
||
| 700 |
_aMartínez Mosqueda, Francisco, asesor _9163662 |
||
| 700 | 1 |
_aPonce Hernández, Pedro _9147918 |
|
| 942 | _cTESIS F56 2017 | ||
| 999 |
_c187435 _d187435 |
||